MARC

LEADER 00000nam0a2200000 4500
001 261626
005 20231101233559.0
035 |a (RuTPU)RU\TPU\book\284607 
090 |a 261626 
100 |a 20140526d1986 k y0rusy50 ca 
101 0 |a rus 
102 |a RU 
105 |a a z 001zy 
200 1 |a Технология добычи угля подземным способом  |f Академия наук СССР (АН СССР), Институт горного дела им. А. А. Скочинского (ИГД) ; под ред. Ю. Ф. Пономаренко 
210 |a Москва  |c Изд-во ИГД  |d 1986 
215 |a 120 с.  |c ил. 
225 1 |a Научные сообщения ИГД им. А. А. Скочинского  |v Вып. 250 
320 |a Библиогр. в конце ст. 
606 1 |a Рудничное оборудование  |x Для подземных работ  |2 stltpush  |3 (RuTPU)RU\TPU\subj\25636  |9 49740 
610 1 |a уголь 
610 1 |a добыча 
610 1 |a технология 
610 1 |a шахтные поля 
610 1 |a вскрытие 
610 1 |a вскрытие пласта 
610 1 |a угольные шахты 
610 1 |a автоматизированное оборудование 
675 |a 622.272  |v 3 
702 1 |a Пономаренко  |b Ю. Ф.  |4 340 
712 0 2 |a Академия наук СССР (АН СССР)  |b Институт горного дела им. А. А. Скочинского (ИГД)  |c (Люберцы)  |2 stltpush  |3 (RuTPU)RU\TPU\col\11351 
801 1 |a RU  |b 63413507  |c 20140526 
801 2 |a RU  |b 63413507  |c 20150813  |g RCR 
942 |c BK